[Event "PAR-ch U20"]
[Site "Asuncion"]
[Date "2023.06.04"]
[Round "6"]
[White "Alfonzo Davalos, Agustin Leonardo"]
[Black "Schmidt Portillo, John Alexander"]
[Result "1-0"]
[WhiteElo "1295"]
[BlackElo "1197"]
[PlyCount "93"]
[EventDate "2023.06.02"]
[EventType "swiss"]
[EventRounds "7"]
[EventCountry "PAR"]
[SourceTitle "CBM 214 Extra"]
[Source "ChessBase"]
[SourceDate "2023.07.31"]
[SourceVersion "1"]
[SourceVersionDate "2023.07.31"]
[SourceQuality "1"]

1. d4 d5 2. c4 c6 3. Nc3 e6 4. Nf3 f5 5. Bg5 Nf6 6. e3 Nbd7 7. Bd3 Bd6 8. cxd5 cxd5 9. Rc1 0-0 10. 0-0 b6 11. Qe2 a6 12. h3 Bb7 13. a4 a5 14. Nb5 Be7 15. Nc7 Rc8 16. Nxe6 Qe8 17. Nxf8 Rxc1 18. Rxc1 Qxf8 19. Bxf6 Nxf6 20. Ne5 Qe8 21. Bb5 Qf8 22. Nd7 Nxd7 23. Bxd7 Bd6 24. Bb5 Bb8 25. Ba6 Qd6 26. g3 Bc6 27. Bb5 Bb7 28. Qf3 Qe6 29. Qh5 g6 30. Qg5 Kg7 31. Qd8 Qd6 32. Qxd6 Bxd6 33. Bc6 Ba6 34. Bxd5 Bb4 35. Rc6 Bd2 36. Rxb6 Bc8 37. Kf1 Bb4 38. Be6 Bxe6 39. Rxe6 h6 40. f4 Kf7 41. Re5 Bd2 42. b3 Bb4 43. Ke2 Bc3 44. Kd3 Bb4 45. Kc4 Be1 46. d5 Bxg3 47. d6 1-0

[Event "PAR-ch U20"]
[Site "Asuncion"]
[Date "2023.06.04"]
[Round "7"]
[White "Lugo Martinez, Jimena Sofia"]
[Black "Alfonzo Davalos, Agustin Leonardo"]
[Result "1-0"]
[WhiteElo "1338"]
[BlackElo "1295"]
[PlyCount "43"]
[EventDate "2023.06.02"]
[EventType "swiss"]
[EventRounds "7"]
[EventCountry "PAR"]
[SourceTitle "CBM 214 Extra"]
[Source "ChessBase"]
[SourceDate "2023.07.31"]
[SourceVersion "1"]
[SourceVersionDate "2023.07.31"]
[SourceQuality "1"]

1. e4 c6 2. d4 d5 3. exd5 cxd5 4. c4 Nf6 5. Nc3 Bg4 6. Nf3 e6 7. h3 Bxf3 8. Qxf3 Bb4 9. a3 Ba5 10. b4 Bc7 11. Bd3 h6 12. Be3 Nc6 13. Rd1 a5 14. b5 Ne7 15. c5 Qd7 16. b6 Bb8 17. Bb5 Nc6 18. a4 0-0 19. Bxh6 gxh6 20. Qxf6 Kh7 21. Bd3+ Kg8 22. Qxh6 1-0